Zdaňovanie verejnej obchodnej spoločnosti a jej spoločníkov
Verejná obchodná spoločnosť (v.o.s.) ako subjekt obchodného práva. V.o.s. ako daňovník dane z príjmov. Spôsob zdanenia príjmov spoločníkov v.o.s. Výpočet základov dane v.o.s. Podiel spoločníka v.o.s. na zisku. Príjmy spoločníka v.o.s. - nerezidenta. Zdanenie príjmov spoločníkov v.o.s.
Salvato in:
| Autore principale: | |
|---|---|
| Natura: | Capitolo di libro |
| Lingua: | slovacco |
| Soggetti: | |
| Tags: |
Nessun Tag, puoi essere il primo ad aggiungerne!!
|
MARC
| LEADER | 00000naa a2200000 4500 | ||
|---|---|---|---|
| 001 | r032838 | ||
| 005 | 20230912112715.1 | ||
| 041 | 0 | |a slo | |
| 044 | |a SK | ||
| 245 | 1 | 0 | |a Zdaňovanie verejnej obchodnej spoločnosti a jej spoločníkov |c Imrich Fekete |
| 520 | |a Verejná obchodná spoločnosť (v.o.s.) ako subjekt obchodného práva. V.o.s. ako daňovník dane z príjmov. Spôsob zdanenia príjmov spoločníkov v.o.s. Výpočet základov dane v.o.s. Podiel spoločníka v.o.s. na zisku. Príjmy spoločníka v.o.s. - nerezidenta. Zdanenie príjmov spoločníkov v.o.s. | ||
| 610 | 2 | 0 | |a spoločnosti v.o.s. |
| 610 | 2 | 0 | |a spoločnosti obchodné |
| 610 | 2 | 0 | |a spoločníci |
| 610 | 2 | 0 | |a príjmy |
| 610 | 2 | 0 | |a dane z príjmov |
| 610 | 2 | 0 | |a podiely na zisku |
| 610 | 2 | 0 | |a podiely obchodné |
| 610 | 2 | 0 | |a zdaňovanie |
| 100 | 1 | |a Fekete, Imrich | |